[Event "Muensterland Verbandsklasse Gr1 2223"]
[Site "Germany"]
[Date "2023.02.18"]
[Round "5.5"]
[White "Tenberge, Norbert"]
[Black "Spoeler, Gerd"]
[Result "1-0"]
[WhiteElo "1778"]
[BlackElo "1640"]
[PlyCount "91"]
[EventDate "2022.09.17"]
[EventType "team-tourn"]
[EventRounds "5"]
[EventCountry "GER"]
[SourceTitle "EXT 2024"]
[Source "ChessBase"]
[SourceDate "2023.10.10"]
[SourceVersion "1"]
[SourceVersionDate "2023.10.10"]
[SourceQuality "1"]
[WhiteTeam "Muenster Indische Dame"]
[BlackTeam "Heiden II"]
[WhiteTeamCountry "GER"]
[BlackTeamCountry "GER"]

1. d4 d5 2. c4 e6 3. Nc3 Nf6 4. e3 Be7 5. Nf3 0-0 6. Bd3 b6 7. 0-0 Bb7 8. b3 Nbd7 9. Bb2 Rc8 10. Qe2 h6 11. e4 dxe4 12. Nxe4 Nxe4 13. Bxe4 Bxe4 14. Qxe4 Nf6 15. Qb7 a5 16. Ne5 Rb8 17. Qf3 Rc8 18. Nc6 Qe8 19. Rfe1 Bd6 20. Rad1 Nh7 21. d5 Ng5 22. Qd3 f6 23. h4 Nh7 24. Rxe6 Qh5 25. g3 Rce8 26. Rde1 Rxe6 27. Rxe6 Re8 28. Qe3 Kf8 29. Kg2 Rxe6 30. Qxe6 Qe8 31. Nd4 Qxe6 32. Nxe6+ Kf7 33. f4 Nf8 34. Nd4 Be7 35. h5 Nd7 36. Nf5 Bc5 37. Kf3 Nb8 38. Ke4 Na6 39. a3 Bf8 40. Nd4 Nc5+ 41. Ke3 Na6 42. Nc2 Bc5+ 43. Bd4 Bf8 44. Bc3 Nc5 45. b4 axb4 46. axb4 1-0

[Event "Muensterland Verbandsklasse Gr1 2223"]
[Site "Germany"]
[Date "2023.01.28"]
[Round "4.4"]
[White "Tenberge, Norbert"]
[Black "Schlebusch, Daniel"]
[Result "1/2-1/2"]
[WhiteElo "1778"]
[BlackElo "1671"]
[PlyCount "123"]
[EventDate "2022.09.17"]
[EventType "team-tourn"]
[EventRounds "5"]
[EventCountry "GER"]
[SourceTitle "EXT 2024"]
[Source "ChessBase"]
[SourceDate "2023.10.10"]
[SourceVersion "1"]
[SourceVersionDate "2023.10.10"]
[SourceQuality "1"]
[WhiteTeam "Muenster Indische Dame"]
[BlackTeam "Bocholt II"]
[WhiteTeamCountry "GER"]
[BlackTeamCountry "GER"]

1. d4 Nf6 2. Nf3 d5 3. e3 c5 4. c4 cxd4 5. exd4 e6 6. Nc3 a6 7. a4 Nc6 8. Be2 dxc4 9. Bxc4 Bb4 10. 0-0 0-0 11. Bg5 h6 12. Bf4 Ne7 13. Qb3 Qa5 14. Na2 Ned5 15. Nxb4 Nxf4 16. Rfe1 Rd8 17. Nd3 Nxd3 18. Bxd3 Bd7 19. Qa3 Bc6 20. Bf1 b5 21. b4 Qb6 22. axb5 axb5 23. Qc3 Rxa1 24. Rxa1 Bxf3 25. Qxf3 Qxd4 26. Ra8 Rxa8 27. Qxa8+ Kh7 28. Bxb5 Ne4 29. Qa2 Qxb4 30. Bf1 Qe1 31. Qe2 Qxe2 32. Bxe2 Nd6 33. h4 f5 34. f4 Kg6 35. Kf2 Ne4+ 36. Kf3 Kf6 37. Bd3 Nd6 38. Bb1 Nc8 39. Bc2 Ne7 40. Ba4 Ng6 41. g3 Ne7 42. Bb5 g5 43. hxg5+ hxg5 44. fxg5+ Kxg5 45. Bc4 Nc6 46. Ba6 Ne5+ 47. Kg2 Ng4 48. Kf3 e5 49. Bb7 Nf6 50. Bc8 e4+ 51. Kg2 Kg4 52. Ba6 Nd5 53. Be2+ Kg5 54. Bb5 Nc3 55. Ba6 Kg4 56. Kf2 Nd5 57. Be2+ Kh3 58. Bf1+ Kh2 59. Bc4 Nf6 60. Be6 Ng4+ 61. Ke2 Nh6 62. Ke3 1/2-1/2

[Event "Muensterland Verbandsklasse playoff"]
[Site "Germany"]
[Date "2022.04.02"]
[Round "1.2"]
[White "Krimphove, Martin"]
[Black "Tenberge, Norbert"]
[Result "1/2-1/2"]
[WhiteElo "1539"]
[BlackElo "1788"]
[PlyCount "118"]
[EventDate "2022.04.02"]
[EventType "team-tourn"]
[EventRounds "5"]
[EventCountry "GER"]
[SourceTitle "EXT 2023"]
[Source "ChessBase"]
[SourceDate "2022.10.05"]
[SourceVersion "1"]
[SourceVersionDate "2022.10.05"]
[SourceQuality "1"]
[WhiteTeam "Duelmen II"]
[BlackTeam "Muenster Indische Dame"]
[WhiteTeamCountry "GER"]
[BlackTeamCountry "GER"]

1. Nf3 d5 2. d4 Nf6 3. Bg5 Ne4 4. Bf4 e6 5. e3 Nd7 6. Bd3 Bd6 7. Bg3 Ndf6 8. Nbd2 c5 9. c3 0-0 10. Qc2 Nxd2 11. Nxd2 b6 12. Bxd6 Qxd6 13. Nf3 a5 14. 0-0 Ba6 15. Bxa6 Rxa6 16. Qe2 Ra7 17. Ne5 Nd7 18. Nxd7 Rxd7 19. Rfd1 Rfd8 20. Rac1 c4 21. e4 b5 22. exd5 Qxd5 23. Re1 g6 24. Qe5 h5 25. Qxd5 Rxd5 26. a3 Kf8 27. f4 Ke7 28. Kf2 f6 29. Re3 Kf7 30. Rce1 R5d6 31. Kf3 Rb8 32. h3 b4 33. axb4 axb4 34. g4 hxg4+ 35. hxg4 bxc3 36. bxc3 Rh8 37. Kg3 Ra6 38. d5 Re8 39. Kf3 Rd6 40. Rxe6 Rexe6 41. dxe6+ Ke7 42. f5 gxf5 43. gxf5 Rd3+ 44. Re3 Rd1 45. Ke2 Rc1 46. Rf3 Rc2+ 47. Kd1 Ra2 48. Rf4 Ra5 49. Ke2 Rd5 50. Kf2 Re5 51. Kg3 Rc5 52. Kg4 Rc8 53. Rd4 Rg8+ 54. Kh5 Rg5+ 55. Kh4 Rxf5 56. Re4 Re5 57. Rxc4 Kxe6 58. Kg4 Kd6 59. Kf4 Rc5 1/2-1/2

[Event "Muensterland Verbandsklasse 1920"]
[Site "Germany"]
[Date "2019.12.07"]
[Round "4.3"]
[White "Hemmert, Michael"]
[Black "Tenberge, Norbert"]
[Result "1/2-1/2"]
[WhiteElo "1775"]
[BlackElo "1809"]
[PlyCount "73"]
[EventDate "2019.09.14"]
[EventType "team-tourn"]
[EventRounds "7"]
[EventCountry "GER"]
[SourceTitle "EXT 2023"]
[Source "ChessBase"]
[SourceDate "2022.10.05"]
[SourceVersion "1"]
[SourceVersionDate "2022.10.05"]
[SourceQuality "1"]
[WhiteTeam "Rheine Klein Berlin II"]
[BlackTeam "Muenster Indische Dame"]
[WhiteTeamCountry "GER"]
[BlackTeamCountry "GER"]

1. d4 d5 2. Bf4 Nf6 3. e3 e6 4. Nf3 c5 5. c3 Be7 6. Nbd2 0-0 7. h3 b6 8. Bd3 Ba6 9. Ne5 Bxd3 10. Nxd3 Nc6 11. Nf3 Ne4 12. Nde5 Qc8 13. Qa4 Nxe5 14. Nxe5 Qb7 15. 0-0 a5 16. f3 Nd6 17. Qc6 Rac8 18. Qxb7 Nxb7 19. Nd7 Rfd8 20. Nxb6 Rc6 21. Na4 Rdc8 22. Nxc5 Nxc5 23. dxc5 Bxc5 24. Rfe1 f6 25. Bg3 a4 26. a3 Rb6 27. Re2 Kf7 28. Rd1 Rb5 29. Kf1 Rc6 30. e4 Ba7 31. exd5 exd5 32. Red2 Be3 33. Re2 Bb6 34. Bf4 Rc4 35. Bd6 d4 36. Bb4 dxc3 37. Bxc3 1/2-1/2

[Event "Muensterland Verbandsklasse 1920"]
[Site "Germany"]
[Date "2019.11.16"]
[Round "3.3"]
[White "Tenberge, Norbert"]
[Black "Holtmannspoetter, Michael"]
[Result "1/2-1/2"]
[WhiteElo "1809"]
[BlackElo "1602"]
[PlyCount "28"]
[EventDate "2019.09.14"]
[EventType "team-tourn"]
[EventRounds "7"]
[EventCountry "GER"]
[SourceTitle "EXT 2023"]
[Source "ChessBase"]
[SourceDate "2022.10.05"]
[SourceVersion "1"]
[SourceVersionDate "2022.10.05"]
[SourceQuality "1"]
[WhiteTeam "Muenster Indische Dame"]
[BlackTeam "Reckenfeld"]
[WhiteTeamCountry "GER"]
[BlackTeamCountry "GER"]

1. d4 d5 2. c4 c6 3. e3 Nf6 4. Nf3 g6 5. Bd3 Bg7 6. 0-0 0-0 7. b3 Nbd7 8. Nc3 e6 9. Bb2 Re8 10. Rc1 b6 11. e4 dxe4 12. Nxe4 Nxe4 13. Bxe4 Bb7 14. Ne5 Nxe5 1/2-1/2

[Event "Muensterland Verbandsklasse 1920"]
[Site "Germany"]
[Date "2019.10.05"]
[Round "2.2"]
[White "Tenberge, Norbert"]
[Black "Moor, Daniel"]
[Result "1/2-1/2"]
[WhiteElo "1809"]
[BlackElo "1899"]
[PlyCount "133"]
[EventDate "2019.09.14"]
[EventType "team-tourn"]
[EventRounds "7"]
[EventCountry "GER"]
[SourceTitle "EXT 2023"]
[Source "ChessBase"]
[SourceDate "2022.10.05"]
[SourceVersion "1"]
[SourceVersionDate "2022.10.05"]
[SourceQuality "1"]
[WhiteTeam "Muenster Indische Dame"]
[BlackTeam "Ochtrup"]
[WhiteTeamCountry "GER"]
[BlackTeamCountry "GER"]

1. d4 Nf6 2. c4 e5 3. dxe5 Ng4 4. Nf3 Bc5 5. e3 Nc6 6. Be2 Ngxe5 7. Nxe5 Nxe5 8. 0-0 0-0 9. b3 a5 10. Nc3 Re8 11. Bb2 Ra6 12. Ne4 Bf8 13. Qd4 Rh6 14. g3 d6 15. f3 Ree6 16. Nf2 Reg6 17. Kg2 c5 18. Qd1 Qh4 19. Rh1 Bh3+ 20. Nxh3 Qxh3+ 21. Kf2 Qf5 22. Bxe5 Qxe5 23. Bd3 Rxh2+ 24. Rxh2 Qxg3+ 25. Ke2 Qxh2+ 26. Ke1 Rg1+ 27. Bf1 Be7 28. Qe2 Qe5 29. Rc1 Rh1 30. f4 Bh4+ 31. Kd1 Qe4 32. Kd2 Qg6 33. Bg2 Rxc1 34. Kxc1 b6 35. Qf3 Bd8 36. Qc6 Kf8 37. Bd5 Qf6 38. Qc8 Qa1+ 39. Kd2 Qxa2+ 40. Ke1 Qa1+ 41. Ke2 Qf6 42. Qd7 g6 43. Bxf7 Qe7 44. Be6 Qxd7 45. Bxd7 Bf6 46. Kf3 Ke7 47. Bc6 g5 48. Kg4 gxf4 49. exf4 Bd4 50. Be4 h6 51. Kf5 Be3 52. Bf3 b5 53. cxb5 c4 54. bxc4 a4 55. Bd1 a3 56. Bb3 Bc5 57. Kg6 Be3 58. f5 Bd4 59. Ba2 Be3 60. f6+ Kf8 61. Bb3 Bd4 62. f7 Bc5 63. Ba2 h5 64. Kxh5 Kxf7 65. b6 Ke7 66. b7 Ba7 67. Kg5 1/2-1/2

[Event "Muensterland Verbandsklasse 1617"]
[Site "Germany"]
[Date "2017.03.04"]
[Round "7.4"]
[White "Tenberge, Norbert"]
[Black "Bleier, Thomas"]
[Result "1/2-1/2"]
[WhiteElo "1828"]
[BlackElo "1648"]
[PlyCount "67"]
[EventDate "2016.09.24"]
[EventType "team"]
[EventRounds "9"]
[EventCountry "GER"]
[SourceTitle "EXT 2018"]
[Source "ChessBase"]
[SourceDate "2017.10.13"]
[SourceVersion "1"]
[SourceVersionDate "2017.10.13"]
[SourceQuality "1"]
[WhiteTeam "Muenster Indische Dame"]
[BlackTeam "Beelen II"]
[WhiteTeamCountry "GER"]
[BlackTeamCountry "GER"]

1. d4 d5 2. c4 e6 3. Nc3 Nf6 4. e3 Nbd7 5. Nf3 c6 6. Bd3 dxc4 7. Bxc4 Bb4 8. Qb3 Bxc3+ 9. bxc3 0-0 10. 0-0 Qc7 11. Re1 b6 12. e4 Bb7 13. e5 Nd5 14. Bd3 c5 15. c4 Nb4 16. Bxh7+ Kxh7 17. Ng5+ Kg6 18. a3 Qc6 19. Ne4 f6 20. Qg3+ Kf7 21. axb4 cxd4 22. b5 Qc7 23. Ba3 Nc5 24. Nxc5 bxc5 25. exf6 Qxg3 26. hxg3 gxf6 27. Bxc5 Rfc8 28. Bxd4 Rxc4 29. Be3 Rb4 30. Reb1 Rxb1+ 31. Rxb1 a5 32. bxa6 Bxa6 33. Rb6 Bc4 34. Rb7+ 1/2-1/2

[Event "Muensterland Verbandsklasse 1516"]
[Site "Germany"]
[Date "2016.04.30"]
[Round "8.2"]
[White "Krosenbrink, Marcel"]
[Black "Tenberge, Norbert"]
[Result "1/2-1/2"]
[WhiteElo "1774"]
[BlackElo "1832"]
[PlyCount "41"]
[EventDate "2015.09.19"]
[EventType "team"]
[EventRounds "9"]
[EventCountry "GER"]
[SourceTitle "EXT 2017"]
[Source "ChessBase"]
[SourceDate "2016.10.25"]
[SourceVersion "1"]
[SourceVersionDate "2016.10.25"]
[SourceQuality "1"]
[WhiteTeam "Stadtlohn"]
[BlackTeam "Muenster Indische Dame"]
[WhiteTeamCountry "GER"]
[BlackTeamCountry "GER"]

1. e4 g6 2. f4 d6 3. Nf3 Bg4 4. Nc3 c6 5. h3 Bxf3 6. Qxf3 Bg7 7. Bc4 e6 8. d3 Ne7 9. 0-0 d5 10. Bb3 f5 11. Re1 Kf7 12. Qe2 Qd7 13. Bd2 Na6 14. Kh1 Nc5 15. Qf2 b6 16. Re2 h5 17. Rae1 Rhe8 18. exd5 exd5 19. Nd1 Ng8 20. Bc3 Bxc3 21. Nxc3 1/2-1/2

[Event "Muensterland Verbandsklasse 1516"]
[Site "Germany"]
[Date "2016.03.12"]
[Round "7.4"]
[White "Tenberge, Norbert"]
[Black "Mense, Jens Uwe"]
[Result "1/2-1/2"]
[WhiteElo "1832"]
[BlackElo "1801"]
[PlyCount "28"]
[EventDate "2015.09.19"]
[EventType "team"]
[EventRounds "9"]
[EventCountry "GER"]
[SourceTitle "EXT 2017"]
[Source "ChessBase"]
[SourceDate "2016.10.25"]
[SourceVersion "1"]
[SourceVersionDate "2016.10.25"]
[SourceQuality "1"]
[WhiteTeam "Muenster Indische Dame"]
[BlackTeam "Nordwalde"]
[WhiteTeamCountry "GER"]
[BlackTeamCountry "GER"]

1. c4 g6 2. d4 Bg7 3. Nf3 d6 4. e4 Nd7 5. Nc3 e5 6. d5 Ne7 7. Bd3 0-0 8. h4 Nc5 9. Bc2 Bg4 10. b4 Nd7 11. Bb2 f5 12. Qd2 Nb6 13. Bd3 fxe4 14. Nxe4 Rf4 1/2-1/2

[Event "Muensterland Verbandsliga 1415"]
[Site "Germany"]
[Date "2015.05.09"]
[Round "9.5"]
[White "Austrup, David"]
[Black "Tenberge, Norbert"]
[Result "1-0"]
[WhiteElo "1850"]
[BlackElo "1847"]
[PlyCount "131"]
[EventDate "2014.09.06"]
[EventType "team-tourn"]
[EventRounds "9"]
[EventCountry "GER"]
[SourceTitle "EXT 2016"]
[Source "ChessBase"]
[SourceDate "2015.10.08"]
[SourceVersion "1"]
[SourceVersionDate "2015.10.08"]
[SourceQuality "1"]
[WhiteTeam "Muenster V"]
[BlackTeam "Muenster Indische Dame"]
[WhiteTeamCountry "GER"]
[BlackTeamCountry "GER"]

1. e4 d6 2. d4 Nf6 3. Nc3 g6 4. f4 c6 5. Nf3 Qc7 6. Be2 Bg7 7. 0-0 b6 8. Qe1 Ba6 9. e5 Nfd7 10. e6 fxe6 11. Bxa6 Nxa6 12. Qxe6 Nf8 13. Qe2 Nb4 14. Re1 0-0-0 15. a3 Nd5 16. Nxd5 cxd5 17. Qxe7 Rd7 18. Qe2 Qc4 19. c3 Qxe2 20. Rxe2 Kd8 21. Bd2 Re7 22. Rae1 Rxe2 23. Rxe2 Rg8 24. Ng5 Kd7 25. Kf2 Bf6 26. Nf3 Ne6 27. g4 Rf8 28. Kg3 Bd8 29. h4 Ng7 30. Ne1 h5 31. Ng2 Rh8 32. g5 Nf5+ 33. Kf3 Rf8 34. Be1 a6 35. Bf2 Rg8 36. Ne3 Ne7 37. Be1 Rf8 38. b3 Bc7 39. a4 Rf7 40. Nc2 Rf8 41. Nb4 Ra8 42. Bf2 Bd8 43. c4 dxc4 44. bxc4 Rc8 45. Rc2 a5 46. Nd3 Bc7 47. d5 Bd8 48. Ne1 Nf5 49. Ng2 Bc7 50. Ke4 Re8+ 51. Kd3 Ne7 52. Rb2 Nc8 53. Bd4 Bd8 54. Ne3 Rf8 55. Rf2 Ne7 56. Bf6 Nf5 57. Nxf5 Bxf6 58. Ne3 Be5 59. Ke4 Bc3 60. Ng2 Rf5 61. Re2 Rf8 62. Kd3 Ba1 63. Re6 Rg8 64. Ke4 Rc8 65. Ne3 Bc3 66. Rxg6 1-0

[Event "Muensterland Verbandsliga 1415"]
[Site "Germany"]
[Date "2015.04.18"]
[Round "8.5"]
[White "Tenberge, Norbert"]
[Black "Kuhlenbaeumer, Willi"]
[Result "0-1"]
[WhiteElo "1847"]
[BlackElo "1891"]
[PlyCount "49"]
[EventDate "2014.09.06"]
[EventType "team-tourn"]
[EventRounds "9"]
[EventCountry "GER"]
[SourceTitle "EXT 2016"]
[Source "ChessBase"]
[SourceDate "2015.10.08"]
[SourceVersion "1"]
[SourceVersionDate "2015.10.08"]
[SourceQuality "1"]
[WhiteTeam "Muenster Indische Dame"]
[BlackTeam "Telgte"]
[WhiteTeamCountry "GER"]
[BlackTeamCountry "GER"]

1. e4 e6 2. d4 d5 3. exd5 exd5 4. Nf3 Nc6 5. c3 Bd6 6. Bd3 Bg4 7. h3 Bh5 8. 0-0 Nge7 9. Be3 Qd7 10. Nbd2 f6 11. Be2 0-0-0 12. b4 g5 13. Ne1 Bxe2 14. Qxe2 Ng6 15. Nd3 h5 16. Nb3 g4 17. Ndc5 Qf5 18. Qb5 Bxc5 19. Nxc5 Rd6 20. Nxb7 Re6 21. Nc5 gxh3 22. Qa6+ Kd8 23. Nxe6+ Qxe6 24. b5 Qg4 25. g3 0-1

[Event "Muensterland Verbandsliga 1415"]
[Site "Germany"]
[Date "2014.09.27"]
[Round "2.3"]
[White "Hanewinkel, Winfried"]
[Black "Tenberge, Norbert"]
[Result "1/2-1/2"]
[WhiteElo "1930"]
[BlackElo "1847"]
[PlyCount "65"]
[EventDate "2014.09.06"]
[EventType "team-tourn"]
[EventRounds "9"]
[EventCountry "GER"]
[SourceTitle "EXT 2016"]
[Source "ChessBase"]
[SourceDate "2015.10.08"]
[SourceVersion "1"]
[SourceVersionDate "2015.10.08"]
[SourceQuality "1"]
[WhiteTeam "Beelen"]
[BlackTeam "Muenster Indische Dame"]
[WhiteTeamCountry "GER"]
[BlackTeamCountry "GER"]

1. d4 d5 2. c4 e6 3. Nf3 Nf6 4. g3 Be7 5. Bg2 0-0 6. 0-0 Nbd7 7. Nc3 c6 8. Qc2 b6 9. b3 Bb7 10. Bb2 a5 11. Rac1 Ba6 12. cxd5 cxd5 13. a4 Rc8 14. Qb1 Rc7 15. Rfd1 Qb8 16. e3 Rfc8 17. Bf1 Bxf1 18. Rxf1 Qb7 19. Qd3 Bb4 20. Nb5 Rxc1 21. Rxc1 Rxc1+ 22. Bxc1 Qc8 23. Bb2 Ne4 24. Qd1 h6 25. Qc1 Qxc1+ 26. Bxc1 Kf8 27. Kf1 f6 28. Ba3 Bxa3 29. Nxa3 Nb8 30. Nb5 Ke7 31. Ke2 Kd7 32. Ne1 Nc6 33. Nd3 1/2-1/2

[Event "Muensterland Verbandsliga 1314"]
[Site "Germany"]
[Date "2014.04.05"]
[Round "8.5"]
[White "Wolffgang, Georg"]
[Black "Tenberge, Norbert"]
[Result "1-0"]
[WhiteElo "1792"]
[BlackElo "1839"]
[PlyCount "121"]
[EventDate "2013.09.07"]
[EventType "team-tourn"]
[EventRounds "9"]
[EventCountry "GER"]
[SourceTitle "EXT 2015"]
[Source "ChessBase"]
[SourceDate "2014.11.20"]
[SourceVersion "1"]
[SourceVersionDate "2014.11.20"]
[SourceQuality "1"]
[WhiteTeam "Telgte"]
[BlackTeam "Muenster Indische Dame"]
[WhiteTeamCountry "GER"]
[BlackTeamCountry "GER"]

1. d4 e6 2. c4 d5 3. Nc3 Nf6 4. cxd5 exd5 5. Bg5 Be7 6. e3 0-0 7. Bd3 c6 8. Qc2 h6 9. Bh4 b6 10. Nf3 c5 11. Bxf6 Bxf6 12. Nxd5 cxd4 13. Nxf6+ Qxf6 14. Nxd4 Bb7 15. Bh7+ Kh8 16. Be4 Bxe4 17. Qxe4 Na6 18. 0-0 Nc5 19. Qf5 Qxf5 20. Nxf5 Nd3 21. b3 Rac8 22. Rfd1 Rfd8 23. Rd2 Nb4 24. Rxd8+ Rxd8 25. Nd4 g6 26. Kf1 Kg7 27. Ke2 h5 28. a3 Nd5 29. Rc1 Kf6 30. Kd3 Rd7 31. Rc6+ Ke7 32. Kc4 Kd8 33. Nb5 Ne7 34. Rd6 a6 35. Rxd7+ Kxd7 36. Nd4 Kd6 37. a4 Nd5 38. Ne2 Nc7 39. Nc3 Kc6 40. Kd4 Kd6 41. b4 Ne6+ 42. Kc4 Nc7 43. f4 f5 44. e4 fxe4 45. Nxe4+ Ke6 46. g3 h4 47. a5 bxa5 48. bxa5 hxg3 49. hxg3 Kf5 50. Nf2 Ne6 51. Kd5 Nxf4+ 52. gxf4 Kxf4 53. Kc6 Kf3 54. Nh1 g5 55. Kb6 Kg2 56. Kxa6 Kxh1 57. Kb5 g4 58. a6 g3 59. a7 g2 60. a8Q Kh2 61. Qh8+ 1-0

[Event "Muensterland Verbandsliga 1314"]
[Site "Germany"]
[Date "2014.01.18"]
[Round "5.5"]
[White "Merkentrup, Ralf"]
[Black "Tenberge, Norbert"]
[Result "0-1"]
[WhiteElo "1644"]
[BlackElo "1839"]
[PlyCount "44"]
[EventDate "2013.09.07"]
[EventType "team-tourn"]
[EventRounds "9"]
[EventCountry "GER"]
[SourceTitle "EXT 2015"]
[Source "ChessBase"]
[SourceDate "2014.11.20"]
[SourceVersion "1"]
[SourceVersionDate "2014.11.20"]
[SourceQuality "1"]
[WhiteTeam "Beelen"]
[BlackTeam "Muenster Indische Dame"]
[WhiteTeamCountry "GER"]
[BlackTeamCountry "GER"]

1. d4 e6 2. c4 d5 3. Nc3 Nf6 4. cxd5 exd5 5. Bg5 Be7 6. e3 0-0 7. Bd3 b6 8. Qc2 h6 9. Bxf6 Bxf6 10. b4 c5 11. bxc5 bxc5 12. dxc5 d4 13. Be4 dxc3 14. Rd1 Qa5 15. Bxa8 Bd7 16. Bd5 Na6 17. Kf1 Nb4 18. Qe4 c2 19. Rc1 Qxc5 20. Bb3 Bf5 21. Qf3 Bd3+ 22. Ne2 Bb2 0-1

[Event "Muensterland Verbandsklasse-A 1213"]
[Site "Germany"]
[Date "2013.02.16"]
[Round "6.5"]
[White "Tenberge, Norbert"]
[Black "Winter, Reinhold"]
[Result "0-1"]
[WhiteElo "1848"]
[BlackElo "1586"]
[PlyCount "112"]
[EventDate "2012.09.15"]
[EventType "team-tourn"]
[EventRounds "9"]
[EventCountry "GER"]
[SourceTitle "EXT 2015"]
[Source "ChessBase"]
[SourceDate "2014.11.20"]
[SourceVersion "1"]
[SourceVersionDate "2014.11.20"]
[SourceQuality "1"]
[WhiteTeam "Muenster Indische Dame"]
[BlackTeam "Neuenkirchen II"]
[WhiteTeamCountry "GER"]
[BlackTeamCountry "GER"]

1. e4 e6 2. d4 d5 3. Nd2 c5 4. c3 cxd4 5. cxd4 dxe4 6. Nxe4 Bb4+ 7. Nc3 Nf6 8. Bb5+ Bd7 9. Bxd7+ Qxd7 10. Nf3 Nc6 11. 0-0 0-0 12. Qb3 Rfd8 13. Be3 Nd5 14. Rfd1 Na5 15. Qc2 Rac8 16. Bd2 Nc4 17. Rac1 Nxd2 18. Qxd2 h6 19. Rc2 Ba5 20. a3 Nxc3 21. bxc3 Qa4 22. Qc1 Rc7 23. Nd2 Rxd4 24. Qb2 Rd3 25. Rdc1 Rcd7 26. h3 Qf4 27. Nf1 Bb6 28. Re1 Rd1 29. Rc1 Rxc1 30. Rxc1 Bxf2+ 31. Kh1 Be3 32. Rb1 Qf2 33. Nxe3 Qxe3 34. Qb5 Qd2 35. Rf1 Qd3 36. Rb1 Qxb5 37. Rxb5 Rc7 38. a4 b6 39. Rb3 Rc4 40. Ra3 f5 41. Kg1 Kf7 42. Kf2 Kf6 43. a5 b5 44. a6 b4 45. cxb4 Rxb4 46. g3 g5 47. Ke3 h5 48. Kd3 f4 49. gxf4 gxf4 50. Kc3 Rb6 51. Kc4 e5 52. Kc5 Kf5 53. Kd5 Rg6 54. h4 e4 55. Ra5 e3 56. Kd4+ Kg4 0-1

[Event "Muensterland Verbandsklasse-A 1213"]
[Site "Germany"]
[Date "2013.01.26"]
[Round "5.4"]
[White "Tenberge, Norbert"]
[Black "Schoepper, Oliver"]
[Result "1/2-1/2"]
[WhiteElo "1848"]
[BlackElo "1787"]
[PlyCount "51"]
[EventDate "2012.09.15"]
[EventType "team-tourn"]
[EventRounds "9"]
[EventCountry "GER"]
[SourceTitle "EXT 2015"]
[Source "ChessBase"]
[SourceDate "2014.11.20"]
[SourceVersion "1"]
[SourceVersionDate "2014.11.20"]
[SourceQuality "1"]
[WhiteTeam "Muenster Indische Dame"]
[BlackTeam "Muenster SK IV"]
[WhiteTeamCountry "GER"]
[BlackTeamCountry "GER"]

1. g3 g6 2. d4 Bg7 3. Bg2 c5 4. e3 cxd4 5. exd4 d5 6. Nf3 Nf6 7. 0-0 0-0 8. Ne5 Nc6 9. Nxc6 bxc6 10. c4 Ba6 11. Na3 Qd7 12. Qa4 Bb7 13. Be3 e6 14. Rac1 Rfc8 15. Rfd1 h5 16. h4 Qd8 17. Nb1 Qb6 18. Nd2 a5 19. Qc2 Ng4 20. Qb3 Qxb3 21. Nxb3 Nxe3 22. fxe3 Bf8 23. Nd2 Rab8 24. Bf1 c5 25. b3 dxc4 26. Nxc4 1/2-1/2

[Event "Muensterland Verbandsliga 1112"]
[Site "Germany"]
[Date "2012.01.07"]
[Round "5.5"]
[White "Stepa, Rainer"]
[Black "Tenberge, Norbert"]
[Result "1/2-1/2"]
[WhiteElo "1870"]
[BlackElo "1869"]
[PlyCount "46"]
[EventDate "2011.09.24"]
[EventType "team-tourn"]
[EventRounds "9"]
[EventCountry "GER"]
[SourceTitle "EXT 2013"]
[Source "ChessBase"]
[SourceDate "2012.11.22"]
[SourceVersion "1"]
[SourceVersionDate "2012.11.22"]
[SourceQuality "1"]
[WhiteTeam "Ostbevern Westbevern"]
[BlackTeam "Muenster Indische Dame"]
[WhiteTeamCountry "GER"]
[BlackTeamCountry "GER"]

1. Nf3 Nf6 2. d4 d5 3. Bf4 Bf5 4. e3 e6 5. Bd3 Bd6 6. Bxf5 exf5 7. Bxd6 Qxd6 8. 0-0 0-0 9. c4 c6 10. cxd5 cxd5 11. Qb3 Nc6 12. Nc3 a6 13. Rfc1 Rfc8 14. Na4 Rab8 15. Ne5 Nxe5 16. Rxc8+ Rxc8 17. dxe5 Qxe5 18. Qxb7 Qe8 19. b3 Qc6 20. Qxc6 Rxc6 21. f3 Rc2 22. Rd1 Kf8 23. Nb6 Rxa2 1/2-1/2

[Event "Muensterland Verbandsliga 1112"]
[Site "Germany"]
[Date "2011.12.17"]
[Round "4.6"]
[White "Schmeing, Walter"]
[Black "Tenberge, Norbert"]
[Result "1/2-1/2"]
[WhiteElo "2007"]
[BlackElo "1869"]
[PlyCount "83"]
[EventDate "2011.09.24"]
[EventType "team-tourn"]
[EventRounds "9"]
[EventCountry "GER"]
[SourceTitle "EXT 2013"]
[Source "ChessBase"]
[SourceDate "2012.11.22"]
[SourceVersion "1"]
[SourceVersionDate "2012.11.22"]
[SourceQuality "1"]
[WhiteTeam "Suedlohn"]
[BlackTeam "Muenster Indische Dame"]
[WhiteTeamCountry "GER"]
[BlackTeamCountry "GER"]

1. e4 e5 2. Nf3 Nc6 3. Bb5 a6 4. Ba4 b5 5. Bb3 Be7 6. 0-0 Nf6 7. Re1 0-0 8. c3 d6 9. h3 Na5 10. Bc2 c5 11. d4 Qc7 12. Nbd2 Bb7 13. d5 Bc8 14. Nf1 Nc4 15. Qe2 Nb6 16. Bg5 Ne8 17. Bxe7 Qxe7 18. Ne3 g6 19. a4 Nc7 20. axb5 Nxb5 21. Nd2 f5 22. Nec4 Nxc4 23. Nxc4 f4 24. f3 Qc7 25. Bd3 Qd8 26. Ra2 Rf7 27. Rea1 g5 28. Na5 Nc7 29. Nc6 Qf6 30. b4 h5 31. bxc5 dxc5 32. Rb2 g4 33. fxg4 hxg4 34. hxg4 Rg7 35. Rf1 Rxg4 36. Qf2 Qd6 37. Be2 Rg3 38. Bf3 Qf8 39. Rfb1 Nb5 40. c4 Nd4 41. Nxd4 exd4 42. Rb6 1/2-1/2

[Event "Muensterland Verbandsliga 1011"]
[Site "Germany"]
[Date "2011.03.26"]
[Round "8.6"]
[White "Raue, Thorsten"]
[Black "Tenberge, Norbert"]
[Result "1/2-1/2"]
[WhiteElo "1817"]
[BlackElo "1830"]
[PlyCount "79"]
[EventDate "2010.09.25"]
[EventType "team-tourn"]
[EventRounds "9"]
[EventCountry "GER"]
[SourceTitle "EXT 2012"]
[Source "ChessBase"]
[SourceDate "2011.11.24"]
[SourceVersion "1"]
[SourceVersionDate "2011.11.24"]
[SourceQuality "1"]
[WhiteTeam "Steinfurt"]
[BlackTeam "Muenster Indische Dame"]
[WhiteTeamCountry "GER"]
[BlackTeamCountry "GER"]

1. b4 d5 2. Bb2 Bf5 3. e3 Nd7 4. Nf3 e6 5. c4 Ngf6 6. b5 Be7 7. cxd5 exd5 8. Be2 c5 9. bxc6 bxc6 10. Nd4 Be6 11. Qa4 Nc5 12. Nxe6 Nxa4 13. Nxd8 Rxd8 14. Ba3 Rd7 15. 0-0 0-0 16. Rc1 Bxa3 17. Nxa3 Rd6 18. f3 Rb8 19. Rab1 Rb6 20. Bb5 Nb2 21. Rxb2 a6 22. Rbb1 axb5 23. Rxb5 Nd7 24. Rxb6 Nxb6 25. d4 Kf8 26. Kf2 Ke7 27. Rb1 Nd7 28. Nc2 c5 29. dxc5 Nxc5 30. Nd4 Ra6 31. Kg3 Rxa2 32. Rd1 g6 33. Nc6+ Kd6 34. Nb4 Rb2 35. Nxd5 Rb3 36. Nf4+ Ke7 37. Nd5+ Kd6 38. Nf4+ Ke7 39. Kf2 Rb2+ 40. Kg3 1/2-1/2